00000000nam 2200000zi 4500
0019.945885
003CaOODSP
00520250108095009
006m     o  d f      
007cr bn|||||||||
008241204e198205##qucab   ob   f000 0 fre d
020 |a0662916115 |q(imprimé)
040 |aCaOODSP|bfre|erda|cCaOODSP
0410 |afre|bfre|beng
043 |an-cn---
045 |ax7x7
0861 |aEn42-1/81-14F-PDF|zEN42-5/81-14F
1001 |aBarton, S. C., |eauteur.
24510|aÉvolution de la qualité de l'air au Canada, en région urbaine de 1970 a 1979 / |cpréparé par S.C. Barton pour la Division de l'analyse des données, Section des programmes, Direction générale de l'assainissement de l'air, Environnement Canada.
264 1|aHull (Québec), Canada : |bEnvironnement Canada, Service de la protection de l'environnement = Environment Canada, Environmental Protection Service, |cmai 1982.
264 4|c©1982
300 |a1 ressource en ligne (xi, 52 pages) : |billustrations, carte.
336 |atexte|btxt|2rdacontent/fre
337 |ainformatique|bc|2rdamedia/fre
338 |aressource en ligne|bcr|2rdacarrier/fre
4901 |aLes rapports du Service de la protection de l'environnement = |aEnvironmental Protection Service report series
500 |a« Rapport EPS 5-AP-81-14F. »
500 |a« Rapport de surveillance, rapport EPS 5-AP-81-14F » -- Couverture.
500 |aÉdition numérisée de l'imprimé [par Environnement et changement climatique Canada].
504 |aComprend des références bibliographiques (page [48]).
546 |aComprend des résumés en français et en anglais.
650 6|aAir|xQualité|zCanada.
650 6|aAir|xPollution|zCanada|xMesure.
650 6|aEnvironnement|xSurveillance|zCanada.
650 0|aAir quality|zCanada.
650 0|aAir|xPollution|zCanada|xMeasurement.
650 0|aEnvironmental monitoring|zCanada.
7101 |aCanada. |bService de la protection de l'environnement, |eorganisme de publication.
7101 |aCanada. |bDirection générale de l'assainissement de l'air, |eorganisme de publication.
830#0|aSérie de rapports du Service de la protection de l'environnement.|w(CaOODSP)9.866045
85640|qPDF|s1.50 Mo|uhttps://publications.gc.ca/collections/collection_2024/eccc/en42/En42-1-81-14-fra.pdf